000 01247nam a22003857a 4500
001 BR7406456
003 BR-BrBNA
005 20230928084642.0
007 ta
008 230509b bl.||||| |||| 00| 0 por d
040 _aBR-BrBNA
_bpor
_cBiblioteca Nacional de Agricultura
041 _a(Por)
072 _aF00; F22; F10
_b/G514
090 _ F00 BR7406456
110 1 _aUniversidade Federal do Ceara, Fortaleza (Brasil). Centro de Ciencias Agrarias. Depto. de Engenharia Agricola e Edafologia
_911030
245 1 _aRelatorio de pesquisas [Universidade Federal do Ceara, analise do solo, capim elefante, balanco hidrico, flora, Brasil]
260 3 _aFortaleza, CE (Brasil):
_c1974.
300 _av. 1-2
500 _aSummaries (Eng, Por). (*) Documento disponível na(o) Universidade Federal do Ceara, Fortaleza (Brazil)
650 _aANALISE DO SOLO
650 _aQUIMICA DO SOLO
650 _aBALANCO HIDRICO
650 _aPERFIL DO SOLO
650 _aMATERIA ORGANICA
650 _aCAPIM ELEFANTE
650 _aRAIZ
650 _aFLORA MARINHA
650 _aHABITAT
650 _aTEXTURA DO SOLO
650 _aSECA
650 _aCLIMA
650 _aCEARA
909 _a202309
_bLucia
_c55
_dLucia Elande
942 _cBK
999 _c20288
_d20288